Представление документа в формате MARC21

Поле Инд. ПП Название Значение
Тип записи a
Библиографический уровень m
001 Контрольный номер dd8dfe744f014aa19bdc699fb4253dc3
005 Дата корректировки 20251119141712.4
040 a Служба первич. каталог. DE
b Код языка каталог. rus
e Правила каталог. PSBO
041 0_ a Код языка текста rus
080 a Индекс УДК 336.748
080 a Индекс УДК 339.16
084 a Индекс другой классификации/Индекс ББК 65.262.6
084 a Индекс другой классификации/Индекс ББК 65.290
090 a Полочн. индекс 65
x Авторский знак Г62
097 b Оператор 03
100 1_ a Автор Голуб Д. С.
245 10 a Заглавие Использование криптовалют в функционировании бизнеса
b Продолж. заглавия дисс. на соиск. степени магистра : 1-40 80 07
c Ответственность науч. рук. Н. Н. Жилинская
260 a Место издания Минск
c Дата издания 2025
b Издательство БГУИР
300 a Объем 72 с.
e Сопроводительные материалы Автореферат
510 0_ a Примечание о ссылках Диссертации и авторефераты диссертаций
653 0_ a Ключевые слова криптовалюта; электронные деньги; электронный бизнес; биткоины
901 t Тип документа d